|
|
|
|
| LEADER |
01099nam a2200265 u 4500 |
| 001 |
10025725 |
| 003 |
GR-PaULI |
| 005 |
20211012122100.0 |
| 008 |
960229s1978 uk eng |
| 952 |
|
|
|0 0
|1 0
|2 ddc
|4 0
|6 Π_Σ_516_360000000000000_KOS
|7 0
|9 234026
|a LISP
|b LISP
|c REF
|d 2019-07-17
|i 040918
|l 0
|o Π/Σ 516.36 KOS
|p 025000043372
|r 2019-07-17 00:00:00
|t 1
|v 2019.00
|w 2019-07-17
|y BKN
|
| 999 |
|
|
|c 141951
|d 141951
|
| 020 |
|
|
|a 0273084054
|q (χαρτόδετο)
|
| 040 |
|
|
|a GR-PaULI
|c GR-PaULI
|b gre
|e AACR2
|
| 082 |
|
|
|2 23
|a 516.36
|
| 100 |
1 |
|
|9 175493
|a Kosniowski, Czes
|e συγγραφέας.
|
| 245 |
1 |
0 |
|a Actions of finite abelian groups /
|c C. Kosniowski.
|
| 260 |
|
|
|a London :
|b Pitman,
|c 1978.
|
| 300 |
|
|
|a 230 σ. :
|b εικ. ;
|c 25 εκ.
|
| 490 |
1 |
|
|a Research notes in mathematics
|v 18.
|
| 504 |
|
|
|a Περιλαμβάνει βιβλιογραφικές παραπομπές και ευρετήριο.
|
| 505 |
1 |
|
|a
|
| 650 |
|
4 |
|9 2180
|a Γεωμετρία, Διαφορική
|
| 830 |
|
0 |
|a Research notes in mathematics (Pitman)
|v 18.
|9 177146
|
| 942 |
|
|
|2 ddc
|c BKN
|
| 998 |
|
|
|c ΜΠΟΥΡΑΣ
|d 2019-07
|